Thames meets euphrates: (Record no. 141597)

MARC details
000 -LEADER
fixed length control field 00688nam a22002057a 4500
005 - DATE AND TIME OF LATEST TRANSACTION
control field 20170621111639.0
010 ## - LCCN (DPL NO)
LC control number ENG-118821
020 ## - INTERNATIONAL STANDARD BOOK NUMBER
International Standard Book Number 9789382623595
Terms of availability 700.00
035 ## - SYSTEM CONTROL NUMBER
System control number EN-102353
037 ## - SOURCE OF ACQUISITION
Source of stock number/acquisition DBAD/PUB
082 ## - DEWEY DECIMAL CLASSIFICATION NUMBER
Classification number 821.009
100 ## - MAIN ENTRY--PERSONAL NAME
Personal name Hasnat, A.B. Abul
245 ## - TITLE STATEMENT
Title Thames meets euphrates:
Remainder of title Study of development of england's relation with perso-arabic literature /
Statement of responsibility, etc by A.B. Abul Hasant
260 ## - PUBLICATION, DISTRIBUTION, ETC. (IMPRINT)
Place of publication, distribution, etc Kolkata
Name of publisher, distributor, etc Readers Service
Date of publication, distribution, etc 2016
270 ## - ADDRESS
Address 59/5A, Garfa Main Road, Kolkata-700075
300 ## - PHYSICAL DESCRIPTION
Extent x,302p
Dimensions 22cm.(Hb)
500 ## - GENERAL NOTE
General note Includes Notes
505 ## - FORMATTED CONTENTS NOTE
Formatted contents note (From the middle ages to the eighteenth centuary)
942 ## - ADDED ENTRY ELEMENTS (KOHA)
Source of classification or shelving scheme Dewey Decimal Classification
Item type English Books
Classification part 821.009
Call number suffix HAS
Holdings
Withdrawn status Lost status Not for loan Collection code Home library Current library Date acquired Source of acquisition Cost, normal purchase price Full call number Barcode Copy number Cost, replacement price Koha item type
    Not For Loan Non-fiction D.B.Act.Division Bawana 21/06/2017 DBAD/PUB 700.00 821.009 HAS EN-102353 1 700.00 English Books

© Delhi Public Library
Hit Counter
free hit counter